| 000 | 01182nam0a22002891 4500 | ||
|---|---|---|---|
| 001 | rc\3150563 | ||
| 005 | 20250530072429.0 | ||
| 021 |
_aRU _b75-50334 |
||
| 021 |
_aRU _bРг9815-75 |
||
| 035 | _a(NLR Aleph) 007296167 | ||
| 090 |
_a5661766 _c5661766 |
||
| 100 | _a20120615d1975 |||y0rusy50 ca | ||
| 101 | 1 |
_arus _cger |
|
| 102 | _aRU | ||
| 105 | _ay z ||||| | ||
| 200 | 1 |
_aФилин Шугу и летающая принцесса _eСказка в 2 отд-ниях для театра кукол, для детей ст. возраста и взрослых _fПер. с нем. Юлия Клеманова _gОтв. ред. Г. Фролов _gБюро распространения драм. произведений и информ.-рекламных материалов ВААП |
|
| 210 |
_aМосква _cБ. и. _d1975 |
||
| 215 |
_a62 с. _d30 |
||
| 700 | 1 |
_7ca _8rus _aХакс _bП. _f1928-2003 _gПетер _9155351 _3RU\NLR\AUTH\770155390 |
|
| 702 | 1 |
_aКлеманова _bЮ. _gЮлия _4730 |
|
| 702 | 1 |
_aФролов _bГ. _4340 |
|
| 801 | 0 |
_aRU _bNLR _gpsbo |
|
| 801 | 1 |
_aRU _bELAR _2rusmarc |
|
| 852 |
_aNLR _j75-8/479 |
||
| 942 | _cBOOK | ||
| 980 | _aNB | ||